000 00748nam a22002175i 4500
001 177657
003 ES-MaACL
005 20230906220400.0
008 110411s2008 sp |||| | spa d
020 _a978-84-96812-16-1
080 _a821.134.2-32"19"
100 1 _aCañelles López, Isabel.
_934748
245 1 4 _aLos cuentos de amor ya no se llevan /
_cIsabel Cañelles López.
260 _aAlcalá de Henares :
_bFundación Colegio del Rey,
_cimp. 2008.
300 _a174 p. ;
_c21 cm.
490 1 _aAlcalá-Narrativa ;
_v30
500 _aLos cuentos de amor ya no se llevan obtuvo el premio de narrativa "Ciudad de Alcalá" 2007.
830 0 _aAlcalá-Narrativa ;
_v30
_9190393
852 _aES-MaACL
_jE-14856
999 _c177657
_d177657